000 00328nam a2200157Ia 4500
003 IT-RoPAU
008 120407s9999 xx 000 0 und d
040 _aIT-RoPAU
040 _cIT-RoPAU
100 _aHans von Rimscha
245 _aCaterina II
260 _aEdizioni Paoline
300 _c cm
490 _v1
942 _cBK
999 _c3368
_d3368